|
|
|
|
| LEADER |
00000nab a2200000 a 4500 |
| 001 |
vtls001511856 |
| 003 |
SK-MaSNL |
| 005 |
20260304214809.0 |
| 008 |
050227s2001 xo 000 0 slo |
| 035 |
|
|
|a SPKCL14183
|
| 040 |
|
|
|a SPKCL
|b slo
|c SNKBUCL
|d SPK(EK)
|e AACR2
|
| 041 |
|
|
|a slo
|
| 044 |
|
|
|a xo
|c SK
|
| 080 |
|
|
|a 364.044.24:616.895.8
|2 1981
|
| 100 |
1 |
|
|a Šramová, Zlata
|4 aut
|9 249246
|
| 245 |
1 |
0 |
|a Rodinná terapia schizofrenikov
|c Zlata Šramová
|
| 520 |
|
|
|a Rodinná terapia schizofrenikov sa zakladá na viac-menej overenom predpoklade, že toto ochorenie je o.i. podmienené aj sociálnym kontextom, predovšetkým medziľudskými vzťahmi v rodine. Autorka vo svojom príspevku charakterizuje vývoj a históriu rodinnej terapie schizofrenikov, uvažuje o formách a možnostiach práce s týmito rodinami, čerpajúc pritom zo svojej praxe, ako aj z najnovších domácich a zahraničných výskumov. Podstatnú časť príspevku tvorí náčrt väčšiny doposiaľ známych preventívnych a terapeutických programov rodinnej terapie schizofrenikov a komentáre k nim, poskytujúce čitateľovi sumár informácií k danej problematike.
|
| 655 |
|
7 |
|a BZB
|2 snkbucl
|9 1080216
|
| 773 |
1 |
|
|t Liečebnopedagogická intervencia, niektoré možnosti u detí, mládeže a dospelých : Zborník z referátov v rámci ukončenia výskumnej úlohy Grantu Vega 1/5121/98,
|g Humanitas s. 101-117
|
| 850 |
|
|
|a Slovenská pedagogická knižnica Bratislava
|
| 852 |
|
|
|a SPKCL
|b KIS3GCP
|b 000710000
|n SK
|
| 999 |
|
|
|c 3143313
|d 3145243
|